00680nam a2200157Ia 4500003000200000005001700002008004100019050003100060100002800091245016100119260009000280300003900370504004100409650003100450650004100481020250127095948.0150126s9999 xx 000 0 und d aPHS RJ 506.D4b.Al326 2014 aAlbano, Marie Keysey O. 2aA study on teenage depression among male and female grade 11 high school students of Southville International School and Colleges /cMarie Kelsey O. Albano. aLas Piñas City, Philippines :bSouthville International School and Colleges,c2014. a24 pages :billustration ;c28 cm. aIncludes bibliographical references. aDepression in adolescence. aHigh school studentsvMental health.